000 01038nam a2200217Ii 4500
003 JO-AjNU
008 230605s9999||||xx |||||||||||||| ||und||
017 _a2014/4/1643
020 _a978-9957-587-00-0
040 _aJO-AjNU
_bara
_erda
_cJO-AjNU
041 _aara
050 1 4 _aHF5500.M87 2014
100 3 _aاللجنة التحضيرية الفقهاء، عصام نجيب... وآخرون، (جامعة فيلادلفيا) كلية العلوم الإدارية والمالية,
_eauthor
_946096
245 0 0 _aالمؤتمر العلمي الدولي الثامن: استراتيجيات بيئة الأعمال المعاصرة: رؤى وأفكار متجددة 29-30 نيسان ( ابريل) 2014
264 3 1 _aعمان: جامعة فيلادلفيا، 2014
300 _a685ص باللغة العربية/58ص باللغة الانجليزية
336 _atext
_btxt
_2rdacontent
337 _aunmediated
_bn
_2rdamedia
338 _avolume
_bnc
_2rdacarrier
650 4 _aادارة الاعمال - مؤتمرات
_946097
999 _aA20029
_c23597
_d23597